=LDR 00000nam 2200000 4500 =001 INLIS000000000027374 =005 20130612125744 =008 ***********************************Ind** =035 ##$$a0010-061300000027374 =041 ##$$a Ind =082 ##$$a 633 =090 ##$$a 633, Pri p =100 ##$$a Prihandana,Rama =245 ##$$a Petunjuk budi daya jarak pagar, Rama prihandana,Roy Hendroko =260 ##$$a 2007 $b Jakarta =300 ##$$a xii,84 hlm, ilus, 22 cm =650 ##$$a Jarak pagar-Tanaman =700 ##$$a Hendroko,Roy =850 ##$$a NBPNMAT =990 ##$$a 21197120/BPAP-NTB/2014